Jigs and fixtures: non-standard clamping devices

Guardat en:
Dades bibliogràfiques
Autor principal: Grant, Hiram E (Autor)
Format: Llibre
Idioma:anglès
Publicat: Nueva York McGraw-Hill 1967
Matèries:
Etiquetes: Afegir etiqueta
Sense etiquetes, Sigues el primer a etiquetar aquest registre!

MARC

LEADER 00000nam a2200000 a 4500
001 UCK0006
003 CL-VaPUC
008 040910e19670000US |||||||||||||||||eng|d
082 0 4 |a 621.82  |b GRA  |2 21 
100 0 |a Grant, Hiram E  |e author  |9 487938 
245 1 0 |a Jigs and fixtures: non-standard clamping devices 
300 |a pág. irreg 
942 |c BK 
945 |d 20040910 00:00:00  |a cmena 
260 |a Nueva York  |b McGraw-Hill  |c 1967 
650 0 |a Diseño de máquinas   |9 271533 
650 0 |a Engranajes   |9 271783 
650 7 |a MECANICA INDUSTRIAL  |2 CL-VaPUC  |9 487939 
583 |a last modification  |c 20040910 00:00:00  |k Rodrigo Vera 
999 |c 310594  |d 310592